000 00439nam a2200133Ia 4500
003 GCL
008 140319s9999 xx 000 0 ara d
040 _aGCL /
_cGCL
082 0 4 _a301.418
_bن د
100 1 _aنوال السعداوى
245 1 0 _aدراسات عن المرأة والرجل فى المجتمع العربى /
_cنوال السعداوى
300 _a918 ص
490 _aالهيئة العامة للاستعلامات
_v0
999 _c49285
_d49285